Lessons for whom, from whom? <The> Transition from Socialism in China and Central Eastern Europe Compared
Salvato in:
| Autore principale: | |
|---|---|
| Natura: | Libro |
| Lingua: | inglese |
| Pubblicazione: |
Kiel
Institut für Weltwirtschaft
1994
|
| Serie: | Kiel Working Paper
No.630 |
| Soggetti: | |
| Tags: |
Nessun Tag, puoi essere il primo ad aggiungerne!!
|
MARC
| LEADER | 00000nam a2200000 4500 | ||
|---|---|---|---|
| 001 | c005402 | ||
| 005 | 20250521093005.6 | ||
| 041 | 0 | |a eng | |
| 044 | |a DE | ||
| 245 | 1 | 0 | |a Lessons for whom, from whom? |b <The> Transition from Socialism in China and Central Eastern Europe Compared |c Martin Raiser |
| 264 | 1 | |a Kiel |b Institut für Weltwirtschaft |c 1994 | |
| 300 | |a 33 s. | ||
| 490 | 1 | |a Kiel Working Paper |v No.630 | |
| 830 | 0 | |a Kiel Working Paper |v No.630 | |
| 610 | 2 | 0 | |a obdobie prechodné |
| 610 | 2 | 0 | |a východná Európa |
| 610 | 2 | 0 | |a Čína |
| 610 | 2 | 0 | |a reformy hospodárske |
| 610 | 2 | 0 | |a hospodárstvo národné |
| 610 | 2 | 0 | |a makroekonomika |
| 100 | 1 | |a Raiser, Martin | |